Beyblade - Noms d'épisodes (Metal Fusion) - Statistiques

Statistiques générales
  • Ce quiz a été pris 23 fois
  • Le résultat moyen est 13 sur 51
Statistiques - réponses
Numéro Réponse % Correct
1 L'Arrivée de Pégasus
76%
20 Le Combat de Survie
41%
12 Les Défis de Doji
41%
51 L'Esprit du Blader
41%
19 Combinaison Gagnante
35%
38 Cours, Gingka
35%
6 Le Défi d'Aquario
35%
13 Le Réveil de L-Drago
35%
40 Que l'Ultime Bataille Commence
35%
23 A l'Attaque pour l'Ultime Bataille
29%
24 L'Aigle Magnifique
29%
18 Les Enfers Verts
29%
22 Libra, l'Effroyable Toupie
29%
47 Liens d'Acier
29%
49 Un Combat Féroce ! Le Lion Face au Dragon
29%
7 Voilà notre Coup Spécial ! Sagittario
29%
16 Aries, le Magnifique
24%
44 Bataille en Duo
24%
34 Brille, Virgo
24%
29 Kenta et Sora
24%
46 La Disparition de Yu
24%
3 L'ambition de Dark Wolf
24%
42 La Punition du Dragon
24%
39 Le Clash : Fireblaze Contre Pégasus
24%
28 Le Commando des Grands Méchants Crabes
24%
50 Le Dernier Duel
24%
15 Le Mystérieux Hyoma
24%
17 Le Pegasus d'Argent
24%
37 Le Poison Mortel de Rock Scorpio
24%
2 Le Rugissement de Leone
24%
45 Les Contre-Attaques d'Eagle
24%
21 Les Guerriers sur l'Île Déserte
24%
14 Les Mémoires de Ryo
24%
30 Les Poissons Magiques
24%
26 Tsubasa s'Envole vers les Ténèbres
24%
32 Une Bataille Royale Tourmentée
24%
43 Haute Tension
18%
4 La Charge du Taureau Féroce
18%
41 La Terreur du Serpent
18%
5 La Vengeance du Cancer
18%
48 La Vérité sur la Lumière et les Ténèbres
18%
35 L-Drago Passe à l'Offensive
18%
8 Le Dangereux Piège de Merci
18%
9 Leone Contre-Attaque
18%
36 Les Ailes Brisées
18%
33 Le Serment du Phénix
18%
31 Les Jumeaux Gémios
18%
25 Le Tireur d'Elite, Capricorne
18%
27 Mission Espionnage
18%
10 Duel Passioné ! Gingka Versus Kyoya
12%
11 L'Attaque du Loup
12%
Aucun quiz correspondant
Distribution des résultats
% des personnes avec chaque résultat
Percentile par nombre de réponses
Votre historique - résultats
Vous n’avez pas pris ce quiz